[Event "SVK-chT4A21 1415"]
[Site "Slovakia"]
[Date "2014.11.23"]
[Round "4.3"]
[White "Smrek, Peter"]
[Black "Krchnak, Rudolf"]
[Result "0-1"]
[WhiteElo "1831"]
[BlackElo "1796"]
[PlyCount "72"]
[EventDate "2014.10.12"]
[EventType "team-tourn"]
[EventRounds "11"]
[EventCountry "SVK"]
[SourceTitle "EXT 2022"]
[Source "ChessBase"]
[SourceDate "2021.10.06"]
[SourceVersion "1"]
[SourceVersionDate "2021.10.06"]
[SourceQuality "1"]
[WhiteTeam "Vrbove III"]
[BlackTeam "Vrbove II"]
[WhiteTeamCountry "SVK"]
[BlackTeamCountry "SVK"]

1. c4 f5 2. d4 Nf6 3. Nc3 g6 4. g3 Bg7 5. Bg2 0-0 6. e4 fxe4 7. Nge2 d6 8. 0-0 c6 9. d5 c5 10. Nxe4 Nxe4 11. Bxe4 Nd7 12. f4 Nf6 13. Bg2 Bf5 14. Nc3 Qd7 15. Re1 Rae8 16. Be3 Ng4 17. Kh1 Nxe3 18. Rxe3 Bd4 19. Re1 b6 20. Qd2 Bg7 21. Ne4 h6 22. Nf2 Kh7 23. h3 Qc8 24. g4 Bd7 25. Be4 Bd4 26. Qc2 Rf6 27. Re2 e5 28. g5 hxg5 29. fxg5 Rf5 30. Ng4 Kg7 31. Nf6 Rh8 32. Nxd7 Rxg5 33. Nxb6 Rxh3+ 34. Rh2 axb6 35. Qa4 Rxh2+ 36. Kxh2 Qh8# 0-1

[Event "SVK-chT4A21 1314"]
[Site "Slovakia"]
[Date "2014.02.09"]
[Round "8.3"]
[White "Bardik, Jozef"]
[Black "Krchnak, Rudolf"]
[Result "1-0"]
[WhiteElo "1878"]
[BlackElo "1821"]
[PlyCount "140"]
[EventDate "2013.10.06"]
[EventType "team-tourn"]
[EventRounds "11"]
[EventCountry "SVK"]
[SourceTitle "EXT 2022"]
[Source "ChessBase"]
[SourceDate "2021.10.06"]
[SourceVersion "1"]
[SourceVersionDate "2021.10.06"]
[SourceQuality "1"]
[WhiteTeam "Piestany Kupele II"]
[BlackTeam "Vrbove II"]
[WhiteTeamCountry "SVK"]
[BlackTeamCountry "SVK"]

1. d4 Nf6 2. c4 c5 3. d5 e6 4. Nc3 exd5 5. cxd5 d6 6. e4 g6 7. Be2 Bg7 8. f4 Qe7 9. Qc2 0-0 10. Bf3 Na6 11. a3 Nc7 12. Nge2 Rb8 13. Rb1 b5 14. b4 c4 15. 0-0 Bg4 16. Ng3 a6 17. Bd2 Bxf3 18. gxf3 Nd7 19. Rbe1 Qh4 20. Re2 Rbe8 21. Qc1 f5 22. Rfe1 Qh3 23. Nd1 Qh4 24. Nf2 Qf6 25. Kg2 Qb2 26. Be3 Qxc1 27. Bxc1 Bc3 28. Rd1 Bg7 29. Kf1 Rf7 30. exf5 gxf5 31. Rxe8+ Nxe8 32. Nh3 h6 33. Nh5 Bc3 34. Ng1 Ng7 35. Ng3 Re7 36. N1e2 Bf6 37. Nd4 Bxd4 38. Rxd4 Kf7 39. Kf2 Nf6 40. Be3 Kg6 41. Rd1 Kf7 42. Ne2 Nge8 43. Nd4 Nc7 44. Nc6 Rd7 45. Bb6 Nfe8 46. Ke3 Nf6 47. Bxc7 Rxc7 48. Kd4 Nh5 49. Nd8+ Kf6 50. Ne6 Ra7 51. a4 Ra8 52. Ra1 Rc8 53. axb5 axb5 54. Kc3 Rg8 55. Ra5 Rg2 56. Rxb5 Rf2 57. Rb6 Nxf4 58. Nxf4 Rxf3+ 59. Nd3 cxd3 60. Rxd6+ Ke5 61. Rxh6 Kxd5 62. b5 d2+ 63. Kxd2 Rb3 64. b6 Kc5 65. h4 Kd5 66. Kc2 Rb5 67. Kd3 Rb1 68. h5 f4 69. Rg6 Rb3+ 70. Kc2 Ke4 1-0

[Event "SVK-chT4A21 1314"]
[Site "Slovakia"]
[Date "2013.11.17"]
[Round "4.2"]
[White "Krchnak, Rudolf"]
[Black "Cerovsky, Marian"]
[Result "1/2-1/2"]
[WhiteElo "1821"]
[BlackElo "1832"]
[PlyCount "63"]
[EventDate "2013.10.06"]
[EventType "team-tourn"]
[EventRounds "11"]
[EventCountry "SVK"]
[SourceTitle "EXT 2022"]
[Source "ChessBase"]
[SourceDate "2021.10.06"]
[SourceVersion "1"]
[SourceVersionDate "2021.10.06"]
[SourceQuality "1"]
[WhiteTeam "Vrbove II"]
[BlackTeam "Kopcany"]
[WhiteTeamCountry "SVK"]
[BlackTeamCountry "SVK"]

1. d4 d5 2. Nc3 Nf6 3. Bg5 c6 4. e3 h6 5. Bxf6 exf6 6. Bd3 Bb4 7. Nge2 0-0 8. a3 Ba5 9. Ng3 Re8 10. 0-0 Bc7 11. Nf5 Bxf5 12. Bxf5 g6 13. Bd3 f5 14. Qf3 Qh4 15. g3 Qh3 16. Rfe1 h5 17. Bf1 Qg4 18. Qxg4 hxg4 19. Bd3 Nd7 20. Kg2 Kg7 21. h4 gxh3+ 22. Kxh3 Nf6 23. Kg2 Rh8 24. Rh1 a5 25. Rxh8 Rxh8 26. Rh1 Rxh1 27. Kxh1 Ne4 28. Bxe4 fxe4 29. Kg2 Kf6 30. a4 Ke6 31. b3 g5 32. g4 1/2-1/2

[Event "SVK-chT4A21 1314"]
[Site "Slovakia"]
[Date "2013.10.06"]
[Round "1.3"]
[White "Skapik, Branislav"]
[Black "Krchnak, Rudolf"]
[Result "1/2-1/2"]
[WhiteElo "1841"]
[BlackElo "1821"]
[PlyCount "54"]
[EventDate "2013.10.06"]
[EventType "team-tourn"]
[EventRounds "11"]
[EventCountry "SVK"]
[SourceTitle "EXT 2022"]
[Source "ChessBase"]
[SourceDate "2021.10.06"]
[SourceVersion "1"]
[SourceVersionDate "2021.10.06"]
[SourceQuality "1"]
[WhiteTeam "Brezova"]
[BlackTeam "Vrbove II"]
[WhiteTeamCountry "SVK"]
[BlackTeamCountry "SVK"]

1. Nf3 c5 2. g3 b6 3. Bg2 Bb7 4. 0-0 e6 5. c4 g6 6. Nc3 Bg7 7. Rb1 Ne7 8. d3 0-0 9. Bf4 d5 10. Qc1 Nf5 11. e4 Ne7 12. Bh6 Na6 13. Bxg7 Kxg7 14. a3 dxc4 15. dxc4 Nc6 16. Rd1 Qe7 17. Nb5 Rfd8 18. Qc3+ Kg8 19. e5 Rxd1+ 20. Rxd1 Rd8 21. Rd6 Nc7 22. Qd2 Nxb5 23. cxb5 Nd4 24. Rxd8+ Qxd8 25. Nxd4 Bxg2 26. Kxg2 cxd4 27. f4 Qd5+ 1/2-1/2

[Event "SVK-chT4A21 1213"]
[Site "Slovakia"]
[Date "2013.03.03"]
[Round "10.3"]
[White "Krchnak, Rudolf"]
[Black "Sottnik, Filip"]
[Result "1-0"]
[WhiteElo "1857"]
[BlackElo "1503"]
[PlyCount "67"]
[EventDate "2012.10.14"]
[EventType "team-tourn"]
[EventRounds "11"]
[EventCountry "SVK"]
[SourceTitle "EXT 2022"]
[Source "ChessBase"]
[SourceDate "2021.10.06"]
[SourceVersion "1"]
[SourceVersionDate "2021.10.06"]
[SourceQuality "1"]
[WhiteTeam "Vrbove II"]
[BlackTeam "Trnava Lokomotiva Jun"]
[WhiteTeamCountry "SVK"]
[BlackTeamCountry "SVK"]

1. d4 Nf6 2. Nc3 e6 3. Bg5 h6 4. Bh4 Be7 5. e3 b6 6. Nf3 Bb7 7. Bd3 d6 8. Qe2 Qd7 9. 0-0 g5 10. Bg3 Nh7 11. e4 h5 12. h3 g4 13. hxg4 hxg4 14. Nh2 f5 15. exf5 exf5 16. Rfe1 Nc6 17. d5 0-0-0 18. dxc6 Qxc6 19. Bxf5+ Kb8 20. Qe4 Qc5 21. Qd3 Rdf8 22. Bxh7 Rf7 23. Be4 Bh4 24. Bxh4 Rxh4 25. Qg3 Rh8 26. Bxb7 Kxb7 27. Nxg4 Rfh7 28. Qf3+ Kb8 29. g3 Qh5 30. Kf1 Rf7 31. Qe4 Rxf2+ 32. Nxf2 Rf8 33. Kg2 Rxf2+ 34. Kxf2 1-0

[Event "SVK-chT4A21 1213"]
[Site "Slovakia"]
[Date "2012.12.16"]
[Round "5.3"]
[White "Krchnak, Rudolf"]
[Black "Skapik, Branislav"]
[Result "1/2-1/2"]
[WhiteElo "1857"]
[BlackElo "1857"]
[PlyCount "95"]
[EventDate "2012.10.14"]
[EventType "team-tourn"]
[EventRounds "11"]
[EventCountry "SVK"]
[SourceTitle "EXT 2022"]
[Source "ChessBase"]
[SourceDate "2021.10.06"]
[SourceVersion "1"]
[SourceVersionDate "2021.10.06"]
[SourceQuality "1"]
[WhiteTeam "Vrbove II"]
[BlackTeam "Brezova CVC"]
[WhiteTeamCountry "SVK"]
[BlackTeamCountry "SVK"]

1. d4 Nf6 2. Nc3 d5 3. Bg5 Nc6 4. e3 a6 5. Nf3 h6 6. Bh4 Bf5 7. Bd3 Ne4 8. Bxe4 Bxe4 9. Nxe4 dxe4 10. Nd2 Qd5 11. 0-0 f5 12. c4 Qf7 13. Qa4 0-0-0 14. b4 Nxd4 15. exd4 g5 16. Bg3 f4 17. Nxe4 fxg3 18. Nxg3 Qxc4 19. Rac1 Qb5 20. Qxb5 axb5 21. Ne2 Bg7 22. Rfd1 c6 23. f3 Rd5 24. Rd3 Rhd8 25. Rcd1 e5 26. g4 exd4 27. Kg2 b6 28. h3 Kb7 29. Ng3 c5 30. bxc5 bxc5 31. Nf5 Bf8 32. h4 Re5 33. hxg5 hxg5 34. Ng3 Ra8 35. R1d2 Re3 36. Rxe3 dxe3 37. Re2 c4 38. Ne4 Be7 39. Rxe3 Rxa2+ 40. Kg3 Kc6 41. f4 b4 42. fxg5 Ra3 43. Rxa3 bxa3 44. g6 Bf8 45. Nc3 Bg7 46. Na2 c3 47. Kf4 Kd6 48. Ke4 1/2-1/2

[Event "SVK-chT4A21 1213"]
[Site "Slovakia"]
[Date "2012.11.25"]
[Round "4.3"]
[White "Smrek, Peter"]
[Black "Krchnak, Rudolf"]
[Result "1/2-1/2"]
[WhiteElo "1845"]
[BlackElo "1857"]
[PlyCount "59"]
[EventDate "2012.10.14"]
[EventType "team-tourn"]
[EventRounds "11"]
[EventCountry "SVK"]
[SourceTitle "EXT 2022"]
[Source "ChessBase"]
[SourceDate "2021.10.06"]
[SourceVersion "1"]
[SourceVersionDate "2021.10.06"]
[SourceQuality "1"]
[WhiteTeam "Vrbove"]
[BlackTeam "Vrbove II"]
[WhiteTeamCountry "SVK"]
[BlackTeamCountry "SVK"]

1. e4 d6 2. d4 g6 3. Nc3 Bg7 4. Bg5 c6 5. Qd2 b5 6. a3 Qc7 7. Nf3 Nd7 8. Bd3 h6 9. Be3 Nb6 10. e5 Nc4 11. Bxc4 bxc4 12. exd6 exd6 13. 0-0 Nf6 14. Rfe1 Be6 15. d5 Nxd5 16. Nxd5 cxd5 17. c3 Be5 18. Bd4 f6 19. Nxe5 dxe5 20. f4 exd4 21. Rxe6+ Kf7 22. Rae1 Rae8 23. Rxe8 Rxe8 24. Rxe8 Kxe8 25. Qxd4 Qb6 26. Qxb6 axb6 27. Kf2 Kd7 28. Ke3 Ke6 29. Kd4 Kd6 30. a4 1/2-1/2